Movies Quiz

Random Movies or Actor Quiz

Common Bonds (Movies) Quiz Stats

 Plays Quiz Updated Mar 5, 2012

Also try: Common Bonds Chain
Challenge
Share
Tweet
Embed
Score 0/54 Timer 16:00
4 Plays Today
heading Answer % Correct
Group CTom Cruise
91%
Group ASean Penn
86.3%
Group BJim Carrey
85.9%
Group AKevin Bacon
80.2%
Group ATommy Lee Jones
79.4%
Group BHeath Ledger
79.1%
Group BSteve Carell
76%
Group BJennifer Aniston
75.9%
Group AKevin Spacey
71.6%
Group BChristian Bale
66.8%
Group AJude Law
66.7%
Group ATim Robbins
64.8%
Group CSylvester Stallone
63%
Group BTHE DARK KNIGHT
60.7%
Group EThe Dark Knight
60.7%
Group CMarlon Brando
57.8%
Group EMORGAN FREEMAN
57.7%
Final BondMorgan Freeman
57.7%
Group BElijah Wood
57.3%
Group AJohn Cusack
57.3%
Group CSharon Stone
56.6%
Group BBRUCE ALMIGHTY
54.8%
Group EBruce Almighty
54.8%
Group BMichael Caine
52.6%
Group CWoody Allen
47.8%
Group AMYSTIC RIVER
46.8%
Group DMystic River
46.8%
heading Answer % Correct
Group BTéa Leoni
44.2%
Group AJames Garner
39.1%
Group CEd Harris
39.1%
Group CHolly Hunter
38.7%
Group DCLINT EASTWOOD
35%
Final BondClint Eastwood
35%
Group BRobert Duvall
34%
Group ADonald Sutherland
33.6%
Group ASPACE COWBOYS
26.2%
Group DSpace Cowboys
26.2%
Group CNed Beatty
23.3%
Group FGENE HACKMAN
22.4%
Final BondGene Hackman
22.4%
Group CChristopher Reeve
21.9%
Finally-------------------- --------------->
21.3%
Finally < ---------------- ------------------
21.3%
Final BondUNFORGIVEN
21.3%
Group CSUPERMAN
19.3%
Group FSuperman
19.3%
Group CTHE FIRM
17.7%
Group FThe Firm
17.7%
Group BDEEP IMPACT
17.7%
Group EDeep Impact
17.7%
Group AMIDNIGHT IN THE GARDEN OF GOOD AND EVIL
14.8%
Group DMidnight In The Garden Of Good And Evil
14.8%
Group CANTZ
14.4%
Group FAntz
14.4%

You're not logged in!

Compare scores with friends on all Sporcle quizzes.
Join for Free
OR
Log In

You Might Also Like...

Show Comments

Extras

Top Quizzes Today


Score Distribution

Your Account Isn't Verified!

In order to create a playlist on Sporcle, you need to verify the email address you used during registration. Go to your Sporcle Settings to finish the process.

Report this User

Report this user for behavior that violates our Community Guidelines.

Details: